| 000 | 01029nam a2200265 a 4500 | ||
|---|---|---|---|
| 001 | 48254 | ||
| 003 | BD-RjUL | ||
| 005 | 20211209054504.0 | ||
| 008 | 160813s1999 ii ||||| |||| 00| 0 ben d | ||
| 020 |
_a8176160326 (V-1) _c: Tk. 90.00 |
||
| 020 |
_a8176160522 (V-2) _c: Tk. 200.00 |
||
| 035 | _a(BD-RjUL)48373 | ||
| 040 |
_aBD-RjUL _bben _cBD-RjUL |
||
| 041 | _aben | ||
| 082 |
_223 _a891.44313 _bBAE 1999-2002 |
||
| 100 |
_aবনফুল _9146128 |
||
| 245 | 1 | 0 |
_aএপিক সমগ্র / _cবনফুল ; সম্পাদনা নিশীথ মুখোপাধ্যায় |
| 260 |
_aকলকাতা : _bমডেল পাবলিশিং হাউস, _c১৯৯৯-২০০২ |
||
| 300 |
_a২ খণ্ড ; _c২০ সেমি |
||
| 505 | 0 | _aখণ্ড ১; খণ্ড ২ --- | |
| 650 |
_aবাংলা এপিক _9146129 |
||
| 650 |
_aBengali Epic _9146130 |
||
| 700 |
_aনিশীথ, মুখোপাধ্যা্ সম্পাদক _9146137 |
||
| 942 |
_2ddc _cBK |
||
| 999 |
_c48254 _d48254 |
||